| 000 | 01223nam2a2200241 4500 | ||
|---|---|---|---|
| 001 | RU\NLR\BIBL_A\011215144 | ||
| 005 | 20250625215721.0 | ||
| 021 |
_aRU _b2016-1649аи _9139аи |
||
| 035 | _a(NLR Aleph) 011215144 | ||
| 090 |
_a11992717 _c11992717 |
||
| 100 | _a20160919d2016 |||y0rusy50 ca | ||
| 101 | 1 |
_arus _ceng |
|
| 102 |
_aRU _aUA |
||
| 105 | _aa|||t|||000ay | ||
| 200 | 1 |
_aВосход Василиска _fАдам Гласс, Фернандо Дагнино _g[пер. с англ.: Всеволод Нежданов] |
|
| 210 |
_d2016 _aБ. м. |
||
| 215 |
_a[192] с. _cцв. ил. |
||
| 461 | 0 |
_1001RU\NLR\BIBL_A\011146202 _12001#$aОтряд самоубийц$e[графический роман]$fАдам Гласс, Федерико Даллоччио, Клейтон Генри$g[пер. с англ. И. Смирновой]$vКн. 2 _911646210 _cСанкт-Петербург _d2016 _fАдам Гласс, Федерико Даллоччио, Клейтон Генри _nАзбука _o[графический роман] _tОтряд самоубийц _vКн. 2 |
|
| 702 | 1 |
_aДагнино _bФ. _gФернандо _4040 |
|
| 942 | _cBOOK | ||
| 980 | _aNB | ||